[Event "Zurich Christmas Open 2014"]
[Site "?"]
[Date "2014.12.30"]
[Round "7"]
[White "Naiditsch, Arkadij"]
[Black "Georgiev, Kiril"]
[Result "1-0"]
[WhiteElo "2731"]
[BlackElo "2628"]
[PlyCount "213"]
[EventDate "2014.12.30"]

1. e4 e5 2. Nf3 Nc6 3. Bb5 Nf6 4. O-O Nxe4 5. Re1 Nd6 6. Nxe5 Be7 7. Bf1 Nxe5
8. Rxe5 O-O 9. Nc3 Bf6 10. Re1 Re8 11. Nd5 Rxe1 12. Qxe1 b6 13. Nxf6+ Qxf6 14.
d3 Bb7 15. Qb4 Re8 16. Qf4 Qf5 17. Bd2 h6 18. Qxf5 Nxf5 19. b4 Re6 20. f3 Ne3
21. Bxe3 Rxe3 22. Kf2 Re6 23. d4 Kf8 24. c4 Ke8 25. Rb1 Kd8 26. Bd3 Kc8 27. d5
Re7 28. Be4 Ba6 29. Rc1 Kd8 30. g4 d6 31. Ke3 Bc8 32. Kd4 g6 33. Rg1 Re8 34. h4
Bd7 35. Bd3 c5+ 36. dxc6 Bxc6 37. f4 Bf3 38. Rg3 Bd1 39. Be4 h5 40. g5 Bg4 41.
Bd5 Re7 42. Ra3 Bf5 43. c5 dxc5+ 44. bxc5 bxc5+ 45. Kxc5 Be4 46. Bb3 Bf5 47.
Ra6 Ke8 48. Rf6 Be4 49. Kd4 Bf5 50. Bd5 Bc8 51. Kc5 Bb7 52. Bb3 Rc7+ 53. Kb4
Be4 54. a4 Rb7+ 55. Kc3 Rc7+ 56. Kb4 Rb7+ 57. Ka3 Rc7 58. a5 Bf5 59. Bd5 Re7
60. Kb4 Rc7 61. Rc6 Re7 62. Kc5 Kf8 63. Kd6 Rd7+ 64. Kc5 Kg7 65. Rd6 Re7 66.
Kd4 Rc7 67. Rd8 Rc1 68. Ra8 Rd1+ 69. Kc5 Rc1+ 70. Kd6 Rd1 71. Kc6 Rc1+ 72. Kb5
Rd1 73. Bb3 Rb1 74. Ka4 Rf1 75. Rxa7 Rxf4+ 76. Ka3 Bd3 77. Rd7 Bb5 78. Rb7 Bf1
79. Kb2 Bg2 80. Rc7 Bf1 81. Ka3 Rf3 82. Kb4 Ba6 83. Bd5 Rf4+ 84. Kc5 Bd3 85.
Rd7 Be2 86. Re7 Bf1 87. Kd6 Rf2 88. Ra7 Rf4 89. Ke5 Rf5+ 90. Kd4 Rf4+ 91. Ke3
Rf5 92. Be4 Rb5 93. Kd4 Rb4+ 94. Ke5 Bc4 95. Ra8 Bf1 96. Rd8 Ra4 97. Rd5 Bc4
98. Rc5 Be6 99. Bc6 Ra1 100. Bb7 Bh3 101. Bd5 Kf8 102. Kd6 Kg7 103. Bc4 Kf8
104. a6 Be6 105. Bb5 Kg7 106. Rc7 Kf8 107. a7 1-0

[Event "Australian Open 2015"]
[Site "Sydney AUS"]
[Date "2015.01.09"]
[Round "9"]
[White "Ni, Hua"]
[Black "Khamatgaleev, Alexej"]
[Result "1-0"]
[WhiteElo "2689"]
[BlackElo "2429"]
[PlyCount "71"]
[EventDate "2015.01.02"]

1. e4 e5 2. Nf3 Nc6 3. Bb5 a6 4. Ba4 d6 5. O-O Bd7 6. c3 g6 7. d4 Bg7 8. Re1
Qe7 9. d5 Nb8 10. c4 Bxa4 11. Qxa4+ Nd7 12. Nc3 Ngf6 13. Qc2 a5 14. a3 O-O 15.
Bd2 c6 16. Bg5 Rfc8 17. Nd2 Qf8 18. dxc6 bxc6 19. b4 d5 20. c5 Rcb8 21. exd5
Nxd5 22. Nxd5 cxd5 23. c6 Rc8 24. b5 a4 25. f3 Nb6 26. Be3 d4 27. Bf2 Rab8 28.
Qd3 Nd5 29. Ne4 Qd8 30. Rec1 Kh8 31. Qc4 Bh6 32. Re1 f5 33. Nc5 Nc3 34. Rxe5
Bg7 35. Ne6 Qg8 36. Bxd4 1-0

[Event "Tata Steel 2015"]
[Site "Wijk aan Zee NED"]
[Date "2015.01.10"]
[Round "1"]
[White "Radjabov, T."]
[Black "Van Wely, L."]
[Result "1/2-1/2"]
[WhiteElo "2734"]
[BlackElo "2667"]
[PlyCount "70"]
[EventDate "2015.01.09"]

1. e4 d6 2. d4 Nf6 3. Nc3 g6 4. f4 Bg7 5. Nf3 c5 6. d5 O-O 7. Bd3 e6 8. dxe6
Bxe6 9. f5 gxf5 10. exf5 Bd7 11. O-O Bc6 12. Bg5 Nbd7 13. Bc4 h6 14. Bh4 Nb6
15. Bb5 Re8 16. Qd3 d5 17. Rae1 Rxe1 18. Rxe1 Nbd7 19. Bxc6 bxc6 20. b3 Qa5 21.
h3 Qb4 22. Bf2 Nh5 23. Na4 Nhf6 24. Qa6 Qb5 25. Qxb5 cxb5 26. Nxc5 Nxc5 27.
Bxc5 Rc8 28. Bxa7 Rxc2 29. a4 bxa4 30. bxa4 Ra2 31. Rb1 Rxa4 32. Rb8+ Kh7 33.
Rb7 Kg8 34. Rb8+ Kh7 35. Rb7 Kg8 1/2-1/2

[Event "Tata Steel 2015"]
[Site "Wijk aan Zee NED"]
[Date "2015.01.10"]
[Round "1"]
[White "Ivanchuk, V."]
[Black "Jobava, Ba"]
[Result "1-0"]
[WhiteElo "2715"]
[BlackElo "2727"]
[PlyCount "85"]
[EventDate "2015.01.09"]

1. e4 c5 2. Nf3 Nc6 3. d4 cxd4 4. Nxd4 e5 5. Nb5 d6 6. c4 g6 7. Be3 Be6 8. N1c3
a6 9. Na3 Nf6 10. Be2 Bg7 11. Nc2 Rc8 12. Rc1 O-O 13. O-O Ne7 14. Na3 Nc6 15.
Re1 Nd4 16. f3 Qb6 17. Rb1 Nxe2+ 18. Rxe2 Qb4 19. Rd2 Rfd8 20. c5 Qa5 21. Rxd6
Bf8 22. Rxd8 Rxd8 23. Qe2 Bxc5 24. Nc2 Bd4 25. Qe1 b5 26. Nxd4 exd4 27. Bg5
dxc3 28. Qxc3 Qxc3 29. bxc3 Bxa2 30. Bxf6 Rd6 31. Be5 Re6 32. Ra1 Rxe5 33. Rxa2
Re6 34. Kf2 Kf8 35. Ke3 Ke7 36. g4 Kd7 37. f4 Rc6 38. Kd4 Kc7 39. f5 Rc4+ 40.
Kd5 Kb6 41. Ra3 a5 42. e5 Ra4 43. Rxa4 1-0

[Event "Tata Steel 2015"]
[Site "Wijk aan Zee NED"]
[Date "2015.01.10"]
[Round "1"]
[White "Vachier Lagrave, M."]
[Black "Hou Yifan"]
[Result "1-0"]
[WhiteElo "2757"]
[BlackElo "2673"]
[PlyCount "115"]
[EventDate "2015.01.09"]

1. e4 e6 2. d4 d5 3. Nc3 Nf6 4. Bg5 Be7 5. e5 Nfd7 6. h4 h6 7. Bxe7 Qxe7 8. Nb5
Nb6 9. c3 a6 10. Na3 c5 11. Nf3 Nc6 12. Bd3 cxd4 13. cxd4 O-O 14. O-O f6 15.
exf6 Qxf6 16. Rc1 e5 17. dxe5 Nxe5 18. Nxe5 Qxe5 19. Qb3 Qd6 20. Qc2 Bd7 21.
Qc7 Qf6 22. Qxb7 Rfb8 23. Qc7 Qxb2 24. Qd6 Qf6 25. Qxf6 gxf6 26. Rc5 Rc8 27.
Ra5 Rc3 28. Rb1 Na4 29. Bb5 Bf5 30. Rb3 Rc1+ 31. Kh2 Nc3 32. Bc6 Rd8 33. Rc5
Nxa2 34. Rxd5 Rf8 35. Rd6 Nc3 36. Nc4 Nb5 37. Bxb5 axb5 38. Ne3 Rc5 39. Nd5 Kh8
40. Nxf6 Re5 41. f3 Re6 42. Ne4 Rb8 43. Rb4 Rxd6 44. Nxd6 Bd7 45. Kg3 Kg7 46.
Kf4 Kf6 47. g4 Ra8 48. Rb3 Rb8 49. Ne4+ Ke7 50. Nc5 Bc6 51. Na6 Rf8+ 52. Kg3
Bd5 53. Re3+ Kd6 54. Rd3 Rd8 55. Nb4 Kc5 56. Rxd5+ Rxd5 57. Nxd5 Kxd5 58. Kf2
1-0

[Event "Tata Steel 2015"]
[Site "Wijk aan Zee NED"]
[Date "2015.01.10"]
[Round "1"]
[White "Giri, A."]
[Black "Carlsen, M."]
[Result "1/2-1/2"]
[WhiteElo "2784"]
[BlackElo "2862"]
[PlyCount "60"]
[EventDate "2015.01.09"]

1. d4 g6 2. c4 Bg7 3. e4 d6 4. Nf3 e5 5. Nc3 Nc6 6. Bg5 f6 7. Be3 Nh6 8. h3 Nf7
9. c5 dxc5 10. dxe5 Nfxe5 11. Nxe5 fxe5 12. Bb5 Bd7 13. Bxc6 Bxc6 14. Bxc5 Bf8
15. Bxf8 Rxf8 16. O-O Qxd1 17. Rfxd1 Rd8 18. Rxd8+ Kxd8 19. Rd1+ Ke7 20. Nd5+
Bxd5 21. Rxd5 Ke6 22. f3 c6 23. Rd3 Rf7 24. Kf2 Rd7 25. Rxd7 Kxd7 26. h4 c5 27.
g3 b5 28. b3 Ke6 29. Ke3 h6 30. f4 h5 1/2-1/2

[Event "Tata Steel 2015"]
[Site "Wijk aan Zee NED"]
[Date "2015.01.10"]
[Round "1"]
[White "Saric, Iv"]
[Black "Aronian, L."]
[Result "1/2-1/2"]
[WhiteElo "2666"]
[BlackElo "2797"]
[PlyCount "63"]
[EventDate "2015.01.09"]

1. e4 e5 2. Nf3 Nc6 3. Bc4 Bc5 4. O-O d6 5. c3 Nf6 6. d4 Bb6 7. a4 a6 8. dxe5
Nxe5 9. Nxe5 dxe5 10. Qxd8+ Kxd8 11. a5 Ba7 12. Nd2 Ke7 13. b3 Bc5 14. b4 Bd6
15. Re1 Rd8 16. Bf1 Kf8 17. Nc4 Ne8 18. f4 exf4 19. Nxd6 Nxd6 20. Bxf4 Be6 21.
Rad1 Rd7 22. c4 Rad8 23. c5 Nb5 24. Rxd7 Bxd7 25. Rd1 Ke8 26. Bc4 Be6 27. Rxd8+
Kxd8 28. Bxb5 axb5 29. c6 bxc6 30. Be3 Kc8 31. Bc5 Kb7 32. Kf2 1/2-1/2

[Event "Tata Steel 2015"]
[Site "Wijk aan Zee NED"]
[Date "2015.01.10"]
[Round "1"]
[White "So, W."]
[Black "Wojtaszek, R."]
[Result "1/2-1/2"]
[WhiteElo "2762"]
[BlackElo "2744"]
[PlyCount "139"]
[EventDate "2015.01.09"]

1. e4 c5 2. Nf3 d6 3. d4 cxd4 4. Nxd4 Nf6 5. Nc3 a6 6. Be3 e5 7. Nb3 Be6 8. f3
h5 9. Nd5 Bxd5 10. exd5 Nbd7 11. Be2 g6 12. Qd2 Bg7 13. O-O b6 14. Rae1 O-O 15.
c4 Rc8 16. h3 Nh7 17. Na1 a5 18. Nc2 Bf6 19. Na3 Bh4 20. Rb1 f5 21. Nb5 f4 22.
Bf2 Bxf2+ 23. Rxf2 Nc5 24. Qc2 Qf6 25. b3 Ng5 26. Bd3 Kg7 27. a3 Nf7 28. b4
Nxd3 29. Qxd3 Qf5 30. Qxf5 gxf5 31. Rc2 Kf6 32. bxa5 bxa5 33. Na7 Rb8 34. Rb5
a4 35. Nc6 Rbc8 36. c5 dxc5 37. Rb6 Nd6 38. Na5 Ke7 39. Nc6+ Kf6 40. Na7 Rcd8
41. Rxc5 e4 42. Ra5 Rd7 43. Raa6 Ke5 44. Nc6+ Kxd5 45. Ra5+ Ke6 46. fxe4 fxe4
47. Rxh5 Rf6 48. Nd4+ Ke7 49. Nc6+ Ke6 50. Nd4+ Ke7 51. Re5+ Kf7 52. Rd5 Ke8
53. Rb8+ Kf7 54. Nb5 Ke6 55. Nc3 f3 56. Rb6 Rg6 57. g4 Rh6 58. Kh2 f2 59. Rf5
e3 60. Kg2 Rc7 61. Nd5 Kd7 62. Re5 Rc5 63. Rb1 Nc4 64. Rf5 Kd6 65. Rb8 Re6 66.
Rd8+ Kc6 67. Rc8+ Kd6 68. Rd8+ Kc6 69. Rc8+ Kd6 70. Rd8+ 1/2-1/2

[Event "Tata Steel (B) 2015"]
[Site "Wijk aan Zee NED"]
[Date "2015.01.10"]
[Round "1"]
[White "Shankland, S."]
[Black "Wei Yi"]
[Result "1/2-1/2"]
[WhiteElo "2652"]
[BlackElo "2675"]
[PlyCount "60"]
[EventDate "2015.01.10"]

1. Nf3 Nf6 2. c4 g6 3. g3 Bg7 4. Bg2 O-O 5. O-O d5 6. d4 c6 7. b3 dxc4 8. bxc4
c5 9. Bb2 cxd4 10. Nxd4 Qb6 11. Qc1 Bd7 12. Nd2 Nc6 13. c5 Qa6 14. Qc4 Qxc4 15.
Nxc4 Rfc8 16. Rab1 Rab8 17. Rfc1 Ne8 18. Nxc6 Bxc6 19. Be5 Bxe5 20. Nxe5 Bxg2
21. Kxg2 Rc7 22. Rb4 Nf6 23. Nd3 Nd7 24. Rcb1 b6 25. cxb6 Rxb6 26. a4 Kf8 27.
Rxb6 axb6 28. Rb4 Ra7 29. Nb2 Nc5 30. Rxb6 Nxa4 1/2-1/2

[Event "Tata Steel (B) 2015"]
[Site "Wijk aan Zee NED"]
[Date "2015.01.10"]
[Round "1"]
[White "Dale, Ari"]
[Black "Haast, A."]
[Result "1/2-1/2"]
[WhiteElo "2291"]
[BlackElo "2352"]
[PlyCount "100"]
[EventDate "2015.01.10"]

1. d4 Nf6 2. c4 c5 3. d5 e6 4. Nc3 exd5 5. cxd5 d6 6. e4 g6 7. h3 Bg7 8. Bd3
O-O 9. Nf3 Na6 10. O-O Nc7 11. a4 a6 12. a5 Rb8 13. Re1 b5 14. axb6 Rxb6 15.
Nd2 Nh5 16. Nc4 Rb4 17. e5 dxe5 18. d6 Nb5 19. Nd5 Rxc4 20. Ne7+ Kh8 21. Bxc4
Nxd6 22. Nxc8 Nxc4 23. Qxd8 Rxd8 24. b3 Rxc8 25. bxc4 Rc6 26. g4 Nf6 27. Bb2 h5
28. g5 Nd7 29. Red1 Nf8 30. Rd5 Ne6 31. Bxe5 Rb6 32. h4 Rb4 33. Rc1 Bxe5 34.
Rxe5 a5 35. Re3 a4 36. Kh2 Rb2 37. Rf3 Kg7 38. Kg2 Nd4 39. Ra3 Nf5 40. Rh3 Rd2
41. Ra1 Rd4 42. Rxa4 Nxh4+ 43. Kf1 Nf5 44. Rb3 Nd6 45. f3 Nxc4 46. Ke2 Rd2+ 47.
Ke1 Rb2 48. Rxb2 Nxb2 49. Re4 Nd3+ 50. Ke2 Nb4 1/2-1/2

[Event "Tata Steel (B) 2015"]
[Site "Wijk aan Zee NED"]
[Date "2015.01.10"]
[Round "1"]
[White "Navara, D."]
[Black "L'Ami, E."]
[Result "1/2-1/2"]
[WhiteElo "2729"]
[BlackElo "2613"]
[PlyCount "97"]
[EventDate "2015.01.10"]

1. c4 c5 2. Nf3 Nf6 3. Nc3 Nc6 4. g3 d5 5. d4 cxd4 6. Nxd4 dxc4 7. Nxc6 Qxd1+
8. Nxd1 bxc6 9. Bg2 Nd5 10. Ne3 e6 11. Nxc4 Ba6 12. Na5 Rc8 13. Bd2 Be7 14. Rc1
c5 15. b3 O-O 16. O-O Rfd8 17. Bf3 Bf6 18. Rfd1 Bb2 19. Rc2 Ba3 20. Nc4 Bxc4
21. bxc4 Nb4 22. Rc3 Bb2 23. Rb3 Bf6 24. e3 Nxa2 25. Ra3 Nb4 26. Rxa7 g6 27.
Rb7 Rb8 28. Rb5 Be7 29. Rxb8 Rxb8 30. Bc3 f6 31. Ra1 Kf7 32. Ra7 Rd8 33. Kf1
Rd3 34. Ra3 Rd7 35. Ke2 f5 36. Ra5 Bf6 37. Bd2 Nd3 38. Bc6 Rd6 39. Ra7+ Kf8 40.
Rd7 Rxc6 41. Kxd3 Be7 42. Ra7 e5 43. Ba5 e4+ 44. Ke2 Rd6 45. Rb7 Ra6 46. Rb5 h5
47. h4 Kf7 48. Bb6 Ra4 49. Bxc5 1/2-1/2

[Event "Tata Steel (B) 2015"]
[Site "Wijk aan Zee NED"]
[Date "2015.01.10"]
[Round "1"]
[White "Timman, J."]
[Black "Klein, Da"]
[Result "1/2-1/2"]
[WhiteElo "2593"]
[BlackElo "2517"]
[PlyCount "110"]
[EventDate "2015.01.10"]

1. c4 Nf6 2. Nc3 g6 3. e4 Bg7 4. d4 O-O 5. Bd3 c5 6. d5 d6 7. h3 e6 8. Nf3 Na6
9. O-O Nc7 10. Re1 e5 11. Bg5 Bd7 12. a3 a5 13. b3 Qe8 14. Rb1 Nh5 15. b4 axb4
16. axb4 Na6 17. bxc5 Nxc5 18. Nb5 Bxb5 19. Rxb5 Nf4 20. Bf1 h6 21. Bxf4 exf4
22. e5 Qd8 23. Qd2 Qc7 24. Qb4 Rac8 25. exd6 Qxd6 26. Rb6 Bc3 27. Qb1 Qd7 28.
Rd1 Bg7 29. d6 Rc6 30. Rd5 Rfc8 31. Rb5 Qd8 32. Qc1 Ne6 33. Rxb7 Rxd6 34. Qd2
Rxd5 35. cxd5 Nc5 36. Rb4 Qd6 37. Rxf4 Nb3 38. Qb4 Rd8 39. Qxd6 Rxd6 40. Rb4
Nc5 41. Bc4 Nd7 42. Rb7 Ne5 43. Rb8+ Kh7 44. Nxe5 Bxe5 45. Re8 Bd4 46. Kf1 Kg7
47. Re7 Bc5 48. Rc7 Bb6 49. Rc6 Rxc6 50. dxc6 f5 51. Ke2 Kf6 52. g3 g5 53. Bd3
Ke5 54. Kf3 Bc7 55. h4 Bb6 1/2-1/2

[Event "Tata Steel (B) 2015"]
[Site "Wijk aan Zee NED"]
[Date "2015.01.10"]
[Round "1"]
[White "Van Kampen, R."]
[Black "Sevian, Samuel"]
[Result "1-0"]
[WhiteElo "2615"]
[BlackElo "2511"]
[PlyCount "118"]
[EventDate "2015.01.10"]

1. e4 e5 2. Nf3 Nc6 3. Bb5 Nf6 4. d3 Bc5 5. O-O Nd4 6. Nxd4 Bxd4 7. c3 Bb6 8.
Na3 c6 9. Ba4 O-O 10. Bg5 h6 11. Bh4 d6 12. Nc4 Bc7 13. Ne3 Be6 14. Bc2 d5 15.
exd5 cxd5 16. d4 exd4 17. Qxd4 Qd6 18. Bg3 Qb6 19. Bxc7 Qxc7 20. Rad1 Rfd8 21.
Rfe1 b5 22. Bf5 Re8 23. Bd3 Rab8 24. Re2 a5 25. a3 Qb6 26. Nc2 Qxd4 27. Nxd4
Bd7 28. Rxe8+ Bxe8 29. b4 a4 30. f3 Bd7 31. Kf2 Kf8 32. Ke3 Ke7 33. h4 Kd6 34.
g4 g6 35. Rg1 Ne8 36. g5 h5 37. Re1 Nc7 38. f4 Rg8 39. Kd2 Ne6 40. Nxb5+ Bxb5
41. Bxb5 Nxf4 42. Re8 Rxe8 43. Bxe8 Ng2 44. Bxa4 Nxh4 45. Bd1 Nf5 46. a4 Kc6
47. Bf3 Nd6 48. Kd3 h4 49. Kd4 Nf5+ 50. Ke5 Ne3 51. Kf6 Nc4 52. Bg2 Ne3 53. Bh1
Ng4+ 54. Kxf7 Nf2 55. Bf3 Nd3 56. Ke6 Nf4+ 57. Ke5 Nd3+ 58. Kd4 Nf4 59. c4 h3
1-0

[Event "Tata Steel (B) 2015"]
[Site "Wijk aan Zee NED"]
[Date "2015.01.10"]
[Round "1"]
[White "Michiels, B."]
[Black "Gunina, V."]
[Result "1/2-1/2"]
[WhiteElo "2563"]
[BlackElo "2538"]
[PlyCount "126"]
[EventDate "2015.01.10"]

1. d4 d5 2. c4 c6 3. Nf3 Nf6 4. e3 Bf5 5. Nc3 e6 6. Nh4 Bg6 7. Qb3 Qc7 8. Nxg6
hxg6 9. g3 Be7 10. Bg2 O-O 11. O-O Nbd7 12. cxd5 cxd5 13. Bd2 Nb6 14. Rfc1 Qd7
15. Bf1 Rfc8 16. Bb5 Qd8 17. Ne2 Rxc1+ 18. Rxc1 a5 19. a4 Ne4 20. Be1 Nd6 21.
Bd3 Ndc4 22. Qa2 Bb4 23. b3 Bxe1 24. bxc4 dxc4 25. Bxc4 Bb4 26. Bb3 Rc8 27.
Rxc8 Qxc8 28. e4 Qc6 29. f3 g5 30. h3 Kf8 31. Kg2 Ke7 32. Qa1 Kf8 33. Kf2 Ke7
34. Qc1 Qxc1 35. Nxc1 Bc3 36. Ke3 Nd7 37. f4 gxf4+ 38. gxf4 f6 39. Ne2 Be1 40.
Bc4 Nb6 41. Bb3 Nd7 42. Kf3 e5 43. Bd5 exd4 44. Nxd4 Nc5 45. Ke2 Bb4 46. Nf5+
Kf8 47. Nd4 Nxa4 48. Bxb7 g6 49. Bc6 Nc5 50. Bd5 Ke7 51. e5 fxe5 52. fxe5 Bc3
53. Nb3 Nd7 54. Kd3 Be1 55. Ke4 a4 56. Nd4 Nc5+ 57. Ke3 Bg3 58. Nc6+ Kd7 59.
Kd4 Bf2+ 60. Kc3 a3 61. e6+ Nxe6 62. Ne5+ Kd6 63. Bxe6 Kxe6 1/2-1/2

[Event "Tata Steel (B) 2015"]
[Site "Wijk aan Zee NED"]
[Date "2015.01.10"]
[Round "1"]
[White "Salem, AR."]
[Black "Potkin, V."]
[Result "1/2-1/2"]
[WhiteElo "2603"]
[BlackElo "2608"]
[PlyCount "97"]
[EventDate "2015.01.10"]

1. d4 Nf6 2. c4 e6 3. Nf3 b6 4. a3 Bb7 5. Nc3 d5 6. Qc2 Be7 7. cxd5 Nxd5 8. e4
Nxc3 9. bxc3 O-O 10. Bd3 c5 11. O-O Qc7 12. Qe2 Nc6 13. d5 Na5 14. c4 Nb3 15.
Rb1 Nxc1 16. Rfxc1 Rfe8 17. dxe6 fxe6 18. e5 Bxf3 19. Qxf3 Qxe5 20. Re1 Qf6 21.
Qh3 Qh6 22. Qxh6 gxh6 23. Rxe6 Bg5 24. Bf5 Rxe6 25. Bxe6+ Kg7 26. Bd5 Re8 27.
Kf1 h5 28. Rb3 h4 29. g3 h5 30. gxh4 Bf4 31. Rf3 Rf8 32. h3 Rf6 33. a4 a5 34.
Ke2 Be5 35. Re3 Bd4 36. Rg3+ Kh6 37. Rg2 Rg6 38. Rg3 Rf6 39. f3 Rg6 40. Rxg6+
Kxg6 41. Bc6 Bf6 42. Be8+ Kh6 43. Ke3 Bxh4 44. Ke4 Be1 45. f4 h4 46. Kd5 Kg7
47. Kc6 Kf6 48. Kxb6 Bb4 49. Bd7 1/2-1/2

[Event "Czech League (Extraliga) 2014/15"]
[Site "Prague CZE"]
[Date "2014.11.29"]
[Round "3"]
[White "Danin, Alexandre"]
[Black "Navara, David"]
[Result "0-1"]
[WhiteElo "2564"]
[BlackElo "2727"]
[PlyCount "114"]
[EventDate "2014.11.01"]
[WhiteTeam "TZ Trinec"]
[BlackTeam "1. SK Novoborsky"]

1. e4 c6 2. d4 d5 3. exd5 cxd5 4. c4 Nf6 5. Nc3 Nc6 6. Bg5 Be6 7. Nf3 g6 8. Qb3
Na5 9. Qa3 Bg7 10. cxd5 Nxd5 11. Bb5+ Nc6 12. O-O Qd6 13. Qxd6 exd6 14. Nxd5
Bxd5 15. Rfe1+ Kd7 16. Re7+ Kc8 17. Rc1 h6 18. Bd2 Bf6 19. Re3 Kd7 20. Bc4 Bxc4
21. Rxc4 b5 22. Rc1 Nxd4 23. Nxd4 Bxd4 24. Rd3 Bxb2 25. Rb1 Be5 26. Rxb5 Kc6
27. Ra5 Rhb8 28. g3 Rb5 29. Ra4 h5 30. Rda3 Kb7 31. Rd3 d5 32. Re3 Bd6 33. Rf3
f5 34. Re3 a5 35. Rb3 Kb6 36. Kf1 Bc5 37. Ke2 Ka6 38. f3 Bb6 39. Kd3 Rb8 40.
Rc3 Bc5 41. g4 d4 42. Rc2 hxg4 43. Bxa5 Kb7 44. Be1 gxf3 45. Bf2 Bb6 46. h4 Re8
47. Ra3 Rb1 48. Rd2 Re3+ 49. Kc2 Rf1 50. Rb3 d3+ 51. Kc3 Rxf2 52. Rxb6+ Kxb6
53. Rxf2 Kc5 54. a4 Kd5 55. a5 Ke4 56. Kd2 Kf4 57. a6 Re6 0-1

[Event "Czech League (Extraliga) 2014/15"]
[Site "Prague CZE"]
[Date "2014.11.30"]
[Round "4"]
[White "Navara, David"]
[Black "Jurcik, Marian"]
[Result "1-0"]
[WhiteElo "2727"]
[BlackElo "2466"]
[PlyCount "69"]
[EventDate "2014.11.01"]
[WhiteTeam "1. SK Novoborsky"]
[BlackTeam "SK Karvina"]

1. d4 Nf6 2. c4 g6 3. Nc3 Bg7 4. e4 d6 5. Nf3 O-O 6. h3 Nbd7 7. Bg5 a6 8. e5
Ne8 9. Be2 dxe5 10. dxe5 c6 11. Qd2 Nc7 12. O-O-O Ne6 13. Bh6 Qa5 14. Bxg7 Kxg7
15. Qe3 b5 16. Kb1 b4 17. Ne4 Nxe5 18. Nd4 Nxd4 19. Rxd4 f6 20. Rhd1 Bf5 21. g4
Bxe4+ 22. Rxe4 Rad8 23. f4 Nf7 24. Rxe7 Rxd1+ 25. Bxd1 Qd8 26. Bf3 Kh8 27. Kc1
Qa5 28. Bxc6 Qxa2 29. Qd4 Kg7 30. Bd5 Qa1+ 31. Kd2 h6 32. h4 Qb1 33. g5 hxg5
34. hxg5 Qf5 35. Be6 1-0

[Event "Paul Keres Memorial (rapid) 2015"]
[Site "Tallinn EST"]
[Date "2015.01.10"]
[Round "1"]
[White "Kovalenko, Igor"]
[Black "Tiviakov, Sergei"]
[Result "0-1"]
[WhiteElo "2653"]
[BlackElo "2669"]
[PlyCount "215"]
[EventDate "2015.01.10"]

1. c4 e5 2. g3 Nf6 3. Bg2 d5 4. cxd5 Nxd5 5. Nc3 Nb6 6. e3 Be7 7. Nge2 O-O 8.
O-O Na6 9. d4 exd4 10. Nxd4 c6 11. b3 Nc7 12. Bb2 Re8 13. Qc2 Bf8 14. h3 Qf6
15. Rad1 Qh6 16. Nf5 Bxf5 17. Qxf5 Rad8 18. Qa5 Na6 19. Qf5 Nc5 20. Ne2 Qe6 21.
Qc2 Qg6 22. Qxg6 hxg6 23. Nd4 Nd5 24. h4 a5 25. Nc2 Nb4 26. Nxb4 axb4 27. Bd4
Ne4 28. Bxe4 Rxe4 29. Bb6 Ra8 30. Rd2 c5 31. Rd7 Ree8 32. Ra1 c4 33. bxc4 b3
34. a4 Rec8 35. Rb1 Rxc4 36. Rxb3 Raxa4 37. Rxb7 Rab4 38. Bd4 Rxb3 39. Rxb3 f6
40. Rb5 Kf7 41. Kg2 Be7 42. Kf3 Rc2 43. Rb7 Ke6 44. g4 Ra2 45. Kg3 Rc2 46. f4
Kf7 47. Kf3 Ke6 48. Ke4 Kf7 49. Kd5 Rc8 50. g5 Rd8+ 51. Ke4 Kf8 52. Kf3 Rc8 53.
Ke4 Rd8 54. Ra7 Rc8 55. f5 Re8 56. Kf4 Bd6+ 57. Kg4 Re4+ 58. Kf3 gxf5 59. g6
Rxh4 60. Rf7+ Ke8 61. Rxg7 Be7 62. Rh7 Rg4 63. g7 Rg6 64. Ke2 Rg3 65. Bc3 f4
66. Kf2 Kf7 67. g8=Q+ Kxg8 68. Rxe7 Rxe3 69. Rc7 f5 70. Bd2 Rd3 71. Bxf4 Kf8
72. Ke2 Rd5 73. Kf3 Rd3+ 74. Be3 Ke8 75. Kf4 Rd7 76. Rc6 Kf7 77. Bc5 Rd5 78.
Bd6 Ke6 79. Be5+ Kd7 80. Rb6 Ke7 81. Kxf5 Rd7 82. Rf6 Rd5 83. Re6+ Kf7 84. Rh6
Rd7 85. Bd6 Kg7 86. Rg6+ Kf7 87. Rf6+ Kg7 88. Bf8+ Kg8 89. Ke6 Ra7 90. Rf3 Ra6+
91. Bd6 Kg7 92. Rg3+ Kh6 93. Rg1 Rb6 94. Ke5 Kh7 95. Rg2 Ra6 96. Kd5 Kh6 97.
Bf4+ Kh7 98. Ke5 Rg6 99. Bg5 Kg8 100. Kf5 Rg7 101. Rd2 Rc7 102. Bf6 Kf7 103.
Rh2 Rd7 104. Rh1 Rd5+ 105. Be5 Rd7 106. Rh2 Re7 107. Bd6 Rd7 108. Rd2 0-1

[Event "Paul Keres Memorial (rapid) 2015"]
[Site "Tallinn EST"]
[Date "2015.01.10"]
[Round "2"]
[White "Sepp, Olav"]
[Black "Kovalenko, Igor"]
[Result "0-1"]
[WhiteElo "2411"]
[BlackElo "2653"]
[PlyCount "91"]
[EventDate "2015.01.10"]

1. Nf3 Nf6 2. g3 d5 3. Bg2 c5 4. O-O e6 5. c4 d4 6. d3 Nc6 7. e3 Be7 8. exd4
cxd4 9. Re1 O-O 10. a3 a5 11. Nbd2 Nd7 12. Rb1 Re8 13. b3 Ra6 14. Qc2 Rb6 15.
Ne4 f5 16. Neg5 Nc5 17. h4 h6 18. Nh3 Kh7 19. Bd2 Na6 20. Ne5 Bxa3 21. Nxc6
Rxc6 22. Bxc6 bxc6 23. Re5 Bd6 24. Bxa5 Qf6 25. Re2 e5 26. Rbe1 Rf8 27. f4 exf4
28. Nxf4 Bxf4 29. gxf4 Qxh4 30. Qd2 Rf6 31. Rg2 Nc5 32. Bd8 Ne6 33. Bxf6 Qxf6
34. Re5 c5 35. Qf2 Bb7 36. Rg3 Qf7 37. Kf1 Qf6 38. Ke1 g5 39. Kd2 Nxf4 40. Rxc5
Bc6 41. Qe1 Ng6 42. b4 f4 43. Rg1 f3 44. Qg3 Nf4 45. b5 Qe7 46. Qe1 0-1

[Event "Paul Keres Memorial (rapid) 2015"]
[Site "Tallinn EST"]
[Date "2015.01.10"]
[Round "3"]
[White "Kovalenko, Igor"]
[Black "Smirnov, Artem"]
[Result "1-0"]
[WhiteElo "2653"]
[BlackElo "2446"]
[PlyCount "81"]
[EventDate "2015.01.10"]

1. d4 Nf6 2. Nf3 e6 3. e3 b6 4. Bd3 Bb7 5. O-O d5 6. Ne5 Nbd7 7. f4 Be7 8. Nd2
c5 9. c3 Qc7 10. Qf3 Rf8 11. a4 O-O-O 12. a5 bxa5 13. Qe2 c4 14. Bc2 Nxe5 15.
fxe5 Nd7 16. e4 f6 17. exf6 gxf6 18. Nf3 Bd6 19. Bh6 Rg8 20. Rae1 Rg4 21. h3
Rg3 22. Nh4 Rdg8 23. Rf3 Rxf3 24. Nxf3 Bf4 25. Bxf4 Qxf4 26. exd5 Bxd5 27. Be4
Qg3 28. Bxd5 exd5 29. Ra1 Qc7 30. Qe6 Qg3 31. Ne1 Kd8 32. Qxd5 Re8 33. Qa8+ Nb8
34. Kf1 Kc8 35. Qxa7 Qf4+ 36. Nf3 Re3 37. Qc5+ Kd8 38. Qxa5+ Kc8 39. Qc5+ Kd8
40. Qd5+ Kc8 41. Qxc4+ 1-0

[Event "Paul Keres Memorial (rapid) 2015"]
[Site "Tallinn EST"]
[Date "2015.01.10"]
[Round "4"]
[White "Kanep, Meelis"]
[Black "Kovalenko, Igor"]
[Result "0-1"]
[WhiteElo "2509"]
[BlackElo "2653"]
[PlyCount "88"]
[EventDate "2015.01.10"]

1. Nf3 b6 2. c4 Bb7 3. Nc3 e6 4. g3 Bxf3 5. exf3 Nc6 6. d4 Bb4 7. d5 Bxc3+ 8.
bxc3 Na5 9. Be2 Ne7 10. O-O O-O 11. f4 Nf5 12. Ba3 Re8 13. Bb4 Nb7 14. Bf3 e5
15. Qd3 Nfd6 16. fxe5 Rxe5 17. Rfe1 Qe7 18. Rxe5 Qxe5 19. Qd4 Re8 20. c5 bxc5
21. Bxc5 Nxc5 22. Qxc5 Nc8 23. Kg2 g6 24. Rb1 Nb6 25. Rb4 Rc8 26. Re4 Qd6 27.
Qa5 Kg7 28. c4 c5 29. Qc3+ Qf6 30. Qe3 d6 31. Rf4 Qe5 32. Re4 Qb2 33. Qf4 Qf6
34. Qe3 Rd8 35. Be2 Rd7 36. Bg4 Rb7 37. Be2 Nc8 38. Bg4 Ne7 39. h4 h5 40. Bh3
Ng8 41. Rf4 Qa1 42. Qe8 Nh6 43. Be6 fxe6 44. dxe6 Nf5 0-1

[Event "Paul Keres Memorial (rapid) 2015"]
[Site "Tallinn EST"]
[Date "2015.01.11"]
[Round "5"]
[White "Kovalenko, Igor"]
[Black "Agrest, Evgenij"]
[Result "1-0"]
[WhiteElo "2653"]
[BlackElo "2590"]
[PlyCount "151"]
[EventDate "2015.01.10"]

1. c4 c6 2. Nf3 d5 3. e3 Nf6 4. Nc3 a6 5. b3 Bg4 6. Bb2 e6 7. h3 Bh5 8. g4 Bg6
9. Ne5 Nbd7 10. Nxg6 hxg6 11. Bg2 g5 12. Qe2 Be7 13. O-O-O Qa5 14. Kb1 Ba3 15.
d4 Bxb2 16. Qxb2 Qb4 17. c5 Rh4 18. f4 gxf4 19. exf4 O-O-O 20. Rhf1 Rhh8 21. a3
Qa5 22. b4 Qc7 23. a4 Nf8 24. b5 Ng6 25. Qd2 Nh4 26. Bh1 Ng6 27. Qe3 Qa5 28.
Kc2 Ne7 29. bxa6 Qxa6 30. f5 Ne4 31. Bxe4 dxe4 32. fxe6 Nd5 33. Nxd5 cxd5 34.
exf7 Qxa4+ 35. Kb2 Qb4+ 36. Qb3 Qxb3+ 37. Kxb3 Rxh3+ 38. Kb4 Rf8 39. g5 Rg3 40.
Rf5 g6 41. Rxd5 Rxf7 42. Re5 e3 43. Kb5 Rg2 44. Rxe3 Rxg5 45. Ra1 Rg2 46. Ra8+
Kc7 47. Ree8 Rb2+ 48. Kc4 Rc2+ 49. Kd3 Rh2 50. Rac8+ Kd7 51. Red8+ Ke6 52. Rd6+
Kf5 53. Rg8 Rg2 54. Kc4 g5 55. Rdg6 g4 56. Kd5 Rd7+ 57. Rd6 Rf7 58. Rdg6 Rd7+
59. Kc4 Rf7 60. d5 Kf4 61. d6 g3 62. Kd5 Rf5+ 63. Kd4 Rd2+ 64. Kc3 Rdd5 65.
Rg4+ Kf3 66. Rxg3+ Kf2 67. Rg2+ Kf3 68. R8g3+ Kf4 69. Rg4+ Kf3 70. R2g3+ Kf2
71. Rd3 Rxc5+ 72. Rc4 b5 73. Rxc5 Rxc5+ 74. Kb4 Rc8 75. d7 Rd8 76. Kxb5 1-0